000
00344 a2200157 4500
001
46148
020
_a
978-85-7208-783-4
040
_c
Anchieta - Aquarius
100
_a
SAITO, André
240
1
0
_a
Thomás tristonho
_l
por
245
1
0
_a
Thomás tristonho
300
_a
362
0
_a
0
650
4
_a
Literatura infanto-juvenil
942
_c
BK
999
_c
46148
_d
46148